| 000 | 00834cam a2200253 4500 | ||
|---|---|---|---|
| 001 | 4066340 | ||
| 003 | SISC | ||
| 005 | 20160314144351.0 | ||
| 008 | 680301s1968 nyua 000 0 eng | ||
| 010 | _a 68016113 | ||
| 040 |
_aDLC _cDLC _dDLC |
||
| 050 | 0 | 0 |
_aPE 1122 _b.Sch3 1968 |
| 082 | 0 | 0 |
_aHS 808.04 _bSc17 1968 |
| 100 | 1 |
_aScharbach, Alexander, _ecomp. _915724 |
|
| 245 | 1 | 4 |
_aThe lively rhetoric; _breadings, analyses, arguments _c[by] Alexander Scharbach [and] Ralph H. Singleton. |
| 260 |
_aNew York, _bHolt, Rinehart and Winston _c[1968] |
||
| 300 |
_axiv, 250 p. _billus. _c23 cm. |
||
| 650 | 0 |
_aCollege readers. _91718 |
|
| 650 | 0 |
_aEnglish language _xRhetoric. _915725 |
|
| 700 | 1 |
_aSingleton, Ralph H., _ejoint comp. _915726 |
|
| 906 |
_a7 _bcbc _corignew _du _encip _f19 _gy-gencatlg |
||
| 942 |
_2lcc _cBK |
||
| 999 |
_c10008 _d10008 |
||